000
00304 a2200133 4500
001
121992
020
_a
9782011557179
040
_c
Escola Canadense de Niteroi
100
_a
Céline Himber
245
1
0
_a
Adosphère 2: Cahier d' activités A1.A2
362
0
_a
2011
650
4
_a
Francês
942
_c
BK
999
_c
121992
_d
121992